000 00470cam a22002051 4500
001 sa 68011578
003 DLC
005 20260227112602.0
008 890519s1966 ii 000 0 tamo
010 _asa 68011578
035 _a(OCoLC)19738184
040 _aDLC
_cWaU
_dDLC
042 _apremarc
050 0 0 _aPL4758.9.A33
_bC33
100 0 _aAkilan̲,
_d1922-1988.
245 1 0 _aCantippu.
260 _c[1966]
300 _a60 p.
_c19 cm.
500 _aIn Tamil.
999 _c83984
_d83984